| 000 | 00837 a2200241 4500 | ||
|---|---|---|---|
| 005 | 20190809083817.0 | ||
| 008 | 190809s2015 ck ||||| |||| 00| 0 spa d | ||
| 020 | _z9789585823839 | ||
| 020 | _a9789585823853 | ||
| 040 |
_aCO-BoUCM _bspa _cSaul Niño _dSaul Niño |
||
| 041 | 0 | _aspa | |
| 060 | _aQT 261 | ||
| 110 | 2 |
_aColombia _bCodeportes _997988 |
|
| 245 | 1 | 0 |
_aLineamiento de política pública en ciencias del deporte _bmedicina _cColderportes ; Carlos Iván Bermeo Andrade, director |
| 260 |
_aBogotá (Colombia) _bColdeportes _c2015 |
||
| 300 | _a246 páginas | ||
| 650 | 7 |
_919146 _aMedicina deportiva |
|
| 650 | 7 |
_915936 _aFisiología del ejercicio |
|
| 650 | 7 |
_910805 _aCiencias del deporte |
|
| 700 |
_aBermeo Andrade, Carlos Iván _edirector _997991 |
||
| 942 |
_cLIBRO _2NLM _a26 _e1 _hQT 261 _mL754m |
||
| 999 |
_c314671 _d314671 |
||